000 00403nam a2200169Ia 4500
008 230917s9999||||xx |||||||||||||| ||und||
020 _cRS325
040 _e25923
_aMAIN
041 _aEnglish
082 _a006.7 V465M
100 _aVaughan, Tay
245 0 _aMultimeidia: Making it work
250 _a3rd ed.
260 _aNew Delhi
_bTata McGraw-Hill
_c1997
300 _axxx,587 p.
942 _cBK
999 _c92195
_d92195